Biblioteca

Filosofías no occidentales / Miguel Cruz Hernández, Editor (Registro nro. 32712)

Detalles MARC
000 -LÍDER
Campo fijo de descripción fija 012030000a22001930004500
020 ## - NÚMERO INTERNACIONAL NORMALIZADO PARA LIBROS
Número Internacional Normalizado del libro 84-97699-48-0
041 0# - CÓDIGO DE IDIOMA
Código de idioma para texto/pista de sonido o título separado
082 04 - NÚMERO DE CLASIFICACIÓN DECIMAL DEWEY
Número de clasificación G 181 C9573f
001 - NÚMERO DE CONTROL
Campo de control 1389
245 10 - TÍTULO
Título del Material Filosofías no occidentales / Miguel Cruz Hernández, Editor
260 ## - PUBLICACIÓN, DISTRIBUCIÓN, ETC. (PIE DE IMPRENTA)
Lugar de publicación, distribución, etc. Sagasta, Madrid, España : Trotta
300 ## - DESCRIPCIÓN FÍSICA
Extensión 468 Pag.
336 ## - CONTENT TYPE
Content type term texto
Content type code txt
Source rdacontent
337 ## - MEDIA TYPE
Source rdamedia
Media type term sin mediación
Media type code n
338 ## - CARRIER TYPE
Source rdacarrier
Carrier type term volumen
Carrier type code nc
505 00 - NOTA DE CONTENIDO
Nota de contenido con formato preestablecido el saber que busca el hombre: Miguel Cruz Hernández -- la filosofía china: Pilar Gonzáles España -- filosofía de la India I. Vedismo, brahmanismo, hinduismo: Fernando Tola -- la filosofía de la India II. Budismo: Carmen Dragonetti -- el pensamiento iranio: Francisco García Bazán -- el pensamiento islámico oriental en la edad media: Rafael Ramón Guerrero -- el pensamiento islámico occidental: Joaquín Lomba -- averroes: Josep Puig Montana -- el pensamiento islámico moderno y contemporáneo: Miguel Cruz Hernández -- la filosofía judía: Carlos del Valle -- maimónides: Miguel Cruz Hernández -- el nuevo pensamiento o el renacimiento del pensamiento judío en el siglo XX: Reyes Mate
650 14 - ASIENTO SECUNDARIO DE MATERIA - TERMINO TEMÁTICO
Término temático o nombre geográfico como elemento de entrada FILOSOFIA ORIENTAL
942 ## - TIPO DE MATERIAL (KOHA)
Tipo de Item KOHA Libros General
Existencias
Estado de Material Estado de Perdido Estado de Dañado No para Préstamo Colección Tomo Biblioteca de Origen Biblioteca Permanente Fecha de Adquisición Total de Préstamos Signatura Topográfica Código de Barras Última vez visto Última vez Préstado Ejemplar/Existencia Fecha de Remplazo Tipo de Material
        Colección General   Biblioteca FUSBC Biblioteca FUSBC 15/10/2004 1 G 181 C9573f 11747 12/12/2019 31/05/2017 1 26/01/2016 Libros General

Biblioteca FUSBC | Teléfono: (57+4) 349 88 10 Ext. 141| WhatsApp (+57) 3005338115 
E-mail: biblioteca@unisbc.edu.co | Calle 76 87-14 Robledo Palenque, Medellín, Colombia

Con tecnología Koha